Practice and law - Land Registration Act 2002 (Record no. 118242)

MARC details
000 -LEADER
fixed length control field 01287cam a2200241 4500
001 - CONTROL NUMBER
control field ABS68377
008 - FIXED-LENGTH DATA ELEMENTS--GENERAL INFORMATION
fixed length control field 041028n2004 000 0 eng u
035 ## - SYSTEM CONTROL NUMBER
System control number (Sirsi) u127846
100 ## - MAIN ENTRY--PERSONAL NAME
Personal name Williams, P.
245 ## - TITLE STATEMENT
Title Practice and law - Land Registration Act 2002
260 ## - PUBLICATION, DISTRIBUTION, ETC.
Date of publication, distribution, etc. 2004
490 ## - SERIES STATEMENT
Series statement Estates Gazette
Volume/sequential designation (0442) 16 October 2004, 152-155(4)
520 ## - SUMMARY, ETC.
Summary, etc. Three articles assessing the success of the Land Registration Act 2002 a year after it came into force in October 2003. "Growing pains" considers four new procedures introduced by the 2002 Act. These include the designation of exempt information documents, registration of easements, disclosing overriding interests and the requirements of plans to be drawn up for registering leases of seven years or more. "Restricted range of protection" looks at how the Act deals with the protection of third party rights for registered titles. "The new electronic age" sets out the three service model for e-conveyancing outlined in "Defining the service" produced by the Land Registry.
590 ## - LOCAL NOTE (RLIN)
Local note ABS
590 ## - LOCAL NOTE (RLIN)
Local note ABS
650 ## - SUBJECT ADDED ENTRY--TOPICAL TERM
Topical term or geographic name entry element LAND REGISTRATION ACT 2002
650 ## - SUBJECT ADDED ENTRY--TOPICAL TERM
Topical term or geographic name entry element ECONVEYANCING
690 ## - LOCAL SUBJECT ADDED ENTRY--TOPICAL TERM (OCLC, RLIN)
Topical term or geographic name as entry element PROPERTY AND LAND LAW
700 ## - ADDED ENTRY--PERSONAL NAME
Personal name Thompson, S.
700 ## - ADDED ENTRY--PERSONAL NAME
Personal name Roberts, P.
700 ## - ADDED ENTRY--PERSONAL NAME
Personal name Colby, A,
942 ## - ADDED ENTRY ELEMENTS (KOHA)
Suppress in OPAC 0
Holdings
Withdrawn status Lost status Source of classification or shelving scheme Damaged status Not for loan Home library Current library Shelving location Date acquired Total Checkouts Full call number Barcode Date last seen Copy number Price effective from Koha item type
    Dewey Decimal Classification     London London Journal article 28/10/2004   ABS68377 127846-1001 06/08/2019 1 06/08/2019 Journal article